000 00853nam a2200229 i 4500
001 152324
003 ES-MaACL
005 20251003063133.0
008 010308m18621863sp |||| | spa d
100 1 _aBoix, Vicente,
_d1813-1880
_929900
245 1 0 _aValencia histórica y topográfica
_b: relación de sus calles, plazas y puertas, origen de sus nombres... /
_cpor Vicente Boix.
260 _aValencia :
_b[s.n.],
_c1862-1863 (
_fImp. de J. Rius)
300 _a2 v. (XXVI, 373 ; 289 p.) ;
_c16 cm.
490 1 _aBiblioteca de El Diario Mercantil
650 4 _aCalles-
_zValencia.
_9167470
651 4 _aValencia-
_xDescripción.
_99497
651 4 _aValencia-
_xHistoria.
_9153488
752 _aEspaña -
_dValencia
830 0 _aBiblioteca de El Diario Mercantil
_9221318
852 _aES-MaACL
_jG-327-28
999 _c152324
_d152324